|
|
|
|
| LEADER |
00000naa2a2200000 4500 |
| 001 |
384202 |
| 005 |
20231101063229.0 |
| 035 |
|
|
|a (RuTPU)RU\TPU\prd\10698
|
| 090 |
|
|
|a 384202
|
| 100 |
|
|
|a 20030218a2002 k y0rusy50 ca
|
| 101 |
0 |
|
|a rus
|
| 102 |
|
|
|a RU
|
| 200 |
1 |
|
|a Планирование качества тетрадей
|f Ю. Г. Малахова, В. В. Левшина, Т. В. Корнилова, С. М. Репях
|
| 225 |
1 |
|
|a В фокусе - потребитель
|
| 320 |
|
|
|a Библиогр.: 3 назв.
|
| 461 |
|
1 |
|0 (RuTPU)RU\TPU\prd\1635
|x 0130-6898
|t Методы менеджмента качества
|o научно-технический журнал
|f Всероссийская организация качества (ВОК)
|d 1999-
|
| 463 |
|
1 |
|0 (RuTPU)RU\TPU\prd\5105
|t № 5
|v С. 37-40
|d 2002
|
| 610 |
1 |
|
|a агментация рынка
|
| 610 |
1 |
|
|a потребители
|
| 610 |
1 |
|
|a школьные тетради
|
| 610 |
1 |
|
|a планирование
|
| 610 |
1 |
|
|a качество
|
| 701 |
|
1 |
|a Малахова
|b Ю. Г.
|
| 701 |
|
1 |
|a Левшина
|b В. В.
|
| 701 |
|
1 |
|a Корнилова
|b Т. В.
|
| 701 |
|
1 |
|a Репях
|b С. М.
|
| 801 |
|
1 |
|a RU
|b 63413507
|c 20030218
|g PSBO
|
| 801 |
|
2 |
|a RU
|b 63413507
|c 20130520
|g RCR
|
| 942 |
|
|
|c BK
|